| 000 | 00586nam a22001697a 4500 | ||
|---|---|---|---|
| 008 | 150609b xxu||||| |||| 00| 0 eng d | ||
| 020 | _a9789280810974 | ||
| 041 | _aeng | ||
| 080 | _a550.831 | ||
| 100 | 1 | _aSunil Mani and Henny Romijn | |
| 245 | 0 | 0 |
_aInnovation, learning, and technological dynamism of developing countries / _cedited by Sunil Mani and Henny Romijn. |
| 260 |
_aTokyo ; _bUnited Nations University Press, _c2004. |
||
| 300 |
_axvii, 242 f. ; _bme il. ; _c24 cm. |
||
| 650 | 0 |
_aInovacione Teknologjike _zZhvillimet shtetërore |
|
| 700 | 1 | _aMani, Sunil. | |
| 942 |
_2udc _cBK |
||
| 999 |
_c1017 _d1017 |
||